00227nam a2200097Ia 4500008004100000100002000041245002200061260002500083260000900108546001200117170619s9999 xx 000 0 und d aChen- Wai - Kai 4aThe VLSI Handbook bNew York : CRC Press c2011 aENGLISH